History of analitic geometry
Guardat en:
| Autor principal: | |
|---|---|
| Format: | Llibre |
| Idioma: | anglès |
| Publicat: |
Nueva York
Scripta Mathematica
1956
|
| Col·lecció: | The Scripta Mathematica Studies
|
| Matèries: | |
| Etiquetes: |
Afegir etiqueta
Sense etiquetes, Sigues el primer a etiquetar aquest registre!
|
MARC
| LEADER | 00000nam a2200000 a 4500 | ||
|---|---|---|---|
| 001 | UCP0804 | ||
| 003 | CL-VaPUC | ||
| 008 | 990319e19560000US |||||||||||||||||eng|d | ||
| 082 | 0 | 4 | |a 516.3 |b BOY |2 21 |
| 100 | 0 | |a Boyer, Carl B |e author |9 426366 | |
| 245 | 1 | 0 | |a History of analitic geometry |
| 300 | |a 291 p | ||
| 942 | |c BK | ||
| 945 | |d 19990319 00:00:00 |a crobeson | ||
| 260 | |a Nueva York |b Scripta Mathematica |c 1956 | ||
| 650 | 0 | |a Geometría analítica |9 260062 | |
| 650 | 0 | |a Historia de las matemáticas |9 265664 | |
| 583 | |a last modification |c 19990319 00:00:00 |k Rodrigo Vera | ||
| 490 | 0 | |a The Scripta Mathematica Studies | |
| 999 | |c 279549 |d 279547 | ||
| 952 | |0 0 |1 0 |4 0 |6 516_300000000000000_BOY_1956 |7 0 |8 A |9 319113 |a BIBMAT |b BIBMAT |d 2019-11-20 |i 1330616 |o 516.3 BOY 1956 |p 1330616 |r 2025-01-07 |w 2019-11-20 |y BK |k MAT | ||